000
00405nam a22001097a 4500
082
_a
001
100
_a
प्रसाद ,एम
_9
82644
245
_a
कर्मचारी चयन आयोग द्वारा आयोजित SSC- CGL
260
_a
प्रयागराज
_b
ग्रीन वर्ल्ड
_c
2024
650
_a
सामान्य ज्ञान
942
_c
C. BOOKS
999
_c
67323
_d
67323